Loading...
| Religion | 0 | 5 | 0 | 0 | 50 | 67 | 98.00 | 0 | 2 | 12.58 | 25.45 |
| Fine Arts - Other | 0 | 1 | 0 | 1 | 10 | 132 | 132.00 | 0 | 0 | 0.40 | 2.73 |
| History - World | 0 | 1 | 0 | 0 | 10 | 104 | 104.00 | 0 | 0 | 1.65 | 5.45 |
| Literature - American | 0 | 1 | 0 | 0 | 10 | 135 | 135.00 | 0 | 0 | 0.00 | 0.91 |
| Social Science | 0 | 1 | 0 | 1 | 10 | 130 | 130.00 | 0 | 0 | 0.00 | 0.91 |
| Mythology | 0 | 1 | 0 | 1 | 10 | 138 | 138.00 | 0 | 0 | 0.61 | 6.36 |
| Science - Biology | 0 | 1 | 0 | 0 | 10 | 102 | 102.00 | 0 | 1 | 1.49 | 7.27 |
| Fine Arts - Classical Music | 0 | 1 | 0 | 1 | 10 | 134 | 134.00 | 0 | 0 | -0.21 | 3.64 |
| Literature - World | 0 | 1 | 0 | 0 | 10 | 38 | 38.00 | 1 | 1 | 6.69 | 9.09 |
| Literature - European | 0 | 0 | 1 | 0 | -5 | 0.00 | 0 | 0 | 0.00 | 0.00 | |
| Science - Other | 0 | 0 | 1 | 0 | -5 | 0.00 | 0 | 0 | 0.00 | 0.00 | |
| History - American | 0 | 0 | 2 | 0 | -10 | 0.00 | 0 | 0 | 0.00 | 0.00 |